000 03627 a2200193 4500
001 53276
005 20260407155807.0
008 260407a1967 arg spa d
003 AR-UNSa-BCEJYS
040 _aAR-UNSa-BCEJYS
_bspa
_cAR-UNSa-BCEJYS
080 _a336.71
_xBancos. Sistema bancario
245 1 0 _aEconomía y política bancaria
264 1 _aBuenos Aires :
_bSelección Contable
_c1967
300 _a774 p.
_c23 cm.
505 _a1. El dinero y los bancos - 2. La posición dominante de los sistemas bancarios - 3. Funciones de los bancos y de sus sistemas en el mundo moderno - 4. Los sistemas bancarios al servicio de una economía en desarrollo - 5. Los sistemas crediticios y los servicios bancarios - 6. Economía y técnica del crédito bancario - 7. Economía de los depósitos bancarios - 8. Economía de los depósitos de ahorro - 9. Dinámica del dinero bancario - 10. El dinero fiduciario y el dinero bancario - 11. La velocidad de circulación y las ecuaciones monetarias - 12. Teoría monetaria y teoría económica - 13. El mecado del dinero y el mercado financiero - 14. Los mercados del dinero y capitales.Los flujos y los bancos - 15. El ahorro y las decisones humanas - 16. Los bancos y la coyuntura de la economía -17. Las estadísticas bancarias - 18. La banca central y su evolución institucional - 19. Características y finalidades de la banca central - 20. Funciones y problemas de un banco central - 21. El proceso de monetización de la deuda pública - 22. La función reguladora de la banca central - 23. El Banco Central de la República Argentina - 24. Funciones del Banco Central de la República Argentina - 25. El Banco Central de la República Argentina y los bancos - 26. El Banco Central de la República Argentina y el Estado - 27. El balance del Banco Central - 28. Doctrina general de la reglamentación bancaria - 29. El ordenamiento bancario argentino de 1935 - 30. La ley de bancos de 1935 - 31. El régimen de garantía integral de los depósitos -32. Régimen genrral de bancos - 33. El régimen general de inversiones bancarias - 34. El reordenamiento bancario de 1957 - 35. La ley de bancos de 1957 - 36. Las empresas colectoras e ahorro no bancarias - 37. Estructura bancaria Argentina - 38. La banca y la política de crédito - 39. Los problemas del control del crédito - 40. La segunda post-guerra y los bancos - 41. Los instrumentos de las políticas crediticias - 42. La política bancaria como instrumento anticíclico - 43. Las políticas bancarias y los problemas político sociales - 44. El control del crédito y las políticas bancarias y los problemas de la financiación del desarrollo económico - 45. Las políticas bancarias y las planeaciones - 46. la política bancaria y la etabilización - 47. Las políticas bancarias y la prodcutividad - 48. Las concentraciones de los bancos y las políticas bancarias - 49. El crédito bancario a las actividades agropecuarias - 50. Estructura y política de los bancos de fomento - 51. La política de crédito industrial en la Argentina - 52. Las modernas formas de cooperación bancarias - 53. Las políticas bancarias en la minería - 54. Banco Internacioanl de ajustes - 55. Instituciones de los Estados Unidos para la financiación internacional - 56. Los problemas institucionales al término de la Segunda Guerra en materia bancaria y cambiaria - 57. El Banco mundial y sus filiales - 58. América y sus problemas socio-económicos - 59. El Banco Interamericano de Desarrollo y el futuro de América
942 _cBK
590 _aniveau_biblio:m niveau_hierar:0
100 1 _aCañellas, Marcelo G.
999 _c5167
_d5167